What flag each President was born under? - Statistics

General Stats
  • This quiz has been taken 6 times
  • The average score is 229 of 720
Answer Stats
Question Tile Select % Correct
Under what flag was Donald Trump born under? 23 Star Flag (1820-1822) No
100%
Under what flag was Donald Trump born under? 24 Star Flag (1822-1836) No
100%
Under what flag was Donald Trump born under? 25 Star Flag (1836-1837) No
100%
Under what flag was Donald Trump born under? 26 Star Flag (1837-1845) No
100%
Under what flag was Donald Trump born under? 31 Star Flag(1851-1858) No
100%
Under what flag was Donald Trump born under? 32 Star Flag (1858-1859) No
100%
Under what flag was Donald Trump born under? 36 Star Flag (1865-1867) No
100%
Under what flag was Donald Trump born under? 37 Star Flag (1867-1877) No
100%
Under what flag was Donald Trump born under? 38 Star Flag (1877-1890) No
100%
Under what flag was Donald Trump born under? 43 Star Flag (1890-1891) No
100%
Under what flag was Donald Trump born under? 46 Star Flag (1908-1912) No
100%
Under what flag was Donald Trump born under? 50 Star Flag (1960-) No
100%
Under what flag was Donald Trump born under? Flag of Great Britain (1707-1775) No
100%
Under what flag was Donald Trump born under? Star Spangled Banner, 15 star (1795-1818) No
100%
Under what flag was Joe Biden born under? 13 Star Flag (1777-1795) No
80%
Under what flag was Donald Trump born under? 13 Star Flag (1777-1795) No
80%
Under what flag was Barack Obama born under? 13 Star Flag (1777-1795) No
80%
Under what flag was George W. Bush born under? 13 Star Flag (1777-1795) No
80%
Under what flag was Bill Clinton born under? 13 Star Flag (1777-1795) No
80%
Under what flag was George H. W. Bush born under? 13 Star Flag (1777-1795) No
80%
Under what flag was Joe Biden born under? 23 Star Flag (1820-1822) No
80%
Under what flag was Barack Obama born under? 23 Star Flag (1820-1822) No
80%
Under what flag was George W. Bush born under? 23 Star Flag (1820-1822) No
80%
Under what flag was Bill Clinton born under? 23 Star Flag (1820-1822) No
80%
Under what flag was George H. W. Bush born under? 23 Star Flag (1820-1822) No
80%
Under what flag was Joe Biden born under? 24 Star Flag (1822-1836) No
80%
Under what flag was Barack Obama born under? 24 Star Flag (1822-1836) No
80%
Under what flag was George W. Bush born under? 24 Star Flag (1822-1836) No
80%
Under what flag was Bill Clinton born under? 24 Star Flag (1822-1836) No
80%
Under what flag was George H. W. Bush born under? 24 Star Flag (1822-1836) No
80%
Under what flag was Joe Biden born under? 25 Star Flag (1836-1837) No
80%
Under what flag was Barack Obama born under? 25 Star Flag (1836-1837) No
80%
Under what flag was George W. Bush born under? 25 Star Flag (1836-1837) No
80%
Under what flag was Bill Clinton born under? 25 Star Flag (1836-1837) No
80%
Under what flag was George H. W. Bush born under? 25 Star Flag (1836-1837) No
80%
Under what flag was Joe Biden born under? 26 Star Flag (1837-1845) No
80%
Under what flag was Barack Obama born under? 26 Star Flag (1837-1845) No
80%
Under what flag was George W. Bush born under? 26 Star Flag (1837-1845) No
80%
Under what flag was Bill Clinton born under? 26 Star Flag (1837-1845) No
80%
Under what flag was George H. W. Bush born under? 26 Star Flag (1837-1845) No
80%
Under what flag was Joe Biden born under? 31 Star Flag(1851-1858) No
80%
Under what flag was Barack Obama born under? 31 Star Flag(1851-1858) No
80%
Under what flag was Bill Clinton born under? 31 Star Flag(1851-1858) No
80%
Under what flag was George H. W. Bush born under? 31 Star Flag(1851-1858) No
80%
Under what flag was Joe Biden born under? 32 Star Flag (1858-1859) No
80%
Under what flag was Barack Obama born under? 32 Star Flag (1858-1859) No
80%
Under what flag was George W. Bush born under? 32 Star Flag (1858-1859) No
80%
Under what flag was Bill Clinton born under? 32 Star Flag (1858-1859) No
80%
Under what flag was George H. W. Bush born under? 32 Star Flag (1858-1859) No
80%
Under what flag was Joe Biden born under? 36 Star Flag (1865-1867) No
80%
Under what flag was Barack Obama born under? 36 Star Flag (1865-1867) No
80%
Under what flag was George W. Bush born under? 36 Star Flag (1865-1867) No
80%
Under what flag was Bill Clinton born under? 36 Star Flag (1865-1867) No
80%
Under what flag was George H. W. Bush born under? 36 Star Flag (1865-1867) No
80%
Under what flag was Joe Biden born under? 37 Star Flag (1867-1877) No
80%
Under what flag was Barack Obama born under? 37 Star Flag (1867-1877) No
80%
Under what flag was George W. Bush born under? 37 Star Flag (1867-1877) No
80%
Under what flag was Bill Clinton born under? 37 Star Flag (1867-1877) No
80%
Under what flag was George H. W. Bush born under? 37 Star Flag (1867-1877) No
80%
Under what flag was Joe Biden born under? 38 Star Flag (1877-1890) No
80%
Under what flag was Barack Obama born under? 38 Star Flag (1877-1890) No
80%
Under what flag was George W. Bush born under? 38 Star Flag (1877-1890) No
80%
Under what flag was Bill Clinton born under? 38 Star Flag (1877-1890) No
80%
Under what flag was George H. W. Bush born under? 38 Star Flag (1877-1890) No
80%
Under what flag was Joe Biden born under? 43 Star Flag (1890-1891) No
80%
Under what flag was Barack Obama born under? 43 Star Flag (1890-1891) No
80%
Under what flag was George W. Bush born under? 43 Star Flag (1890-1891) No
80%
Under what flag was Bill Clinton born under? 43 Star Flag (1890-1891) No
80%
Under what flag was George H. W. Bush born under? 43 Star Flag (1890-1891) No
80%
Under what flag was Joe Biden born under? 46 Star Flag (1908-1912) No
80%
Under what flag was Barack Obama born under? 46 Star Flag (1908-1912) No
80%
Under what flag was Joe Biden born under? 48 Star Flag (1912-1959) Yes
80%
Under what flag was Donald Trump born under? 48 Star Flag (1912-1959) Yes
80%
Under what flag was Barack Obama born under? 48 Star Flag (1912-1959) No
80%
Under what flag was Joe Biden born under? 50 Star Flag (1960-) No
80%
Under what flag was Barack Obama born under? 50 Star Flag (1960-) Yes
80%
Under what flag was Bill Clinton born under? 50 Star Flag (1960-) No
80%
Under what flag was George H. W. Bush born under? 50 Star Flag (1960-) No
80%
Under what flag was Joe Biden born under? Flag of Great Britain (1707-1775) No
80%
Under what flag was Barack Obama born under? Flag of Great Britain (1707-1775) No
80%
Under what flag was George W. Bush born under? Flag of Great Britain (1707-1775) No
80%
Under what flag was Bill Clinton born under? Flag of Great Britain (1707-1775) No
80%
Under what flag was George H. W. Bush born under? Flag of Great Britain (1707-1775) No
80%
Under what flag was Joe Biden born under? Star Spangled Banner, 15 star (1795-1818) No
80%
Under what flag was Barack Obama born under? Star Spangled Banner, 15 star (1795-1818) No
80%
Under what flag was George W. Bush born under? Star Spangled Banner, 15 star (1795-1818) No
80%
Under what flag was Bill Clinton born under? Star Spangled Banner, 15 star (1795-1818) No
80%
Under what flag was George H. W. Bush born under? Star Spangled Banner, 15 star (1795-1818) No
80%
Under what flag was Ronald Reagan born under? 13 Star Flag (1777-1795) No
60%
Under what flag was Jimmy Carter born under? 13 Star Flag (1777-1795) No
60%
Under what flag was Ronald Reagan born under? 23 Star Flag (1820-1822) No
60%
Under what flag was Jimmy Carter born under? 23 Star Flag (1820-1822) No
60%
Under what flag was Ronald Reagan born under? 24 Star Flag (1822-1836) No
60%
Under what flag was Jimmy Carter born under? 24 Star Flag (1822-1836) No
60%
Under what flag was Ronald Reagan born under? 25 Star Flag (1836-1837) No
60%
Under what flag was Jimmy Carter born under? 25 Star Flag (1836-1837) No
60%
Under what flag was Ronald Reagan born under? 26 Star Flag (1837-1845) No
60%
Under what flag was Jimmy Carter born under? 26 Star Flag (1837-1845) No
60%
Under what flag was George W. Bush born under? 31 Star Flag(1851-1858) No
60%
Under what flag was Ronald Reagan born under? 31 Star Flag(1851-1858) No
60%
Under what flag was Jimmy Carter born under? 31 Star Flag(1851-1858) No
60%
Under what flag was Ronald Reagan born under? 32 Star Flag (1858-1859) No
60%
Under what flag was Jimmy Carter born under? 32 Star Flag (1858-1859) No
60%
Under what flag was Ronald Reagan born under? 36 Star Flag (1865-1867) No
60%
Under what flag was Jimmy Carter born under? 36 Star Flag (1865-1867) No
60%
Under what flag was Ronald Reagan born under? 37 Star Flag (1867-1877) No
60%
Under what flag was Jimmy Carter born under? 37 Star Flag (1867-1877) No
60%
Under what flag was Ronald Reagan born under? 38 Star Flag (1877-1890) No
60%
Under what flag was Jimmy Carter born under? 38 Star Flag (1877-1890) No
60%
Under what flag was Ronald Reagan born under? 43 Star Flag (1890-1891) No
60%
Under what flag was Jimmy Carter born under? 43 Star Flag (1890-1891) No
60%
Under what flag was George W. Bush born under? 46 Star Flag (1908-1912) No
60%
Under what flag was Bill Clinton born under? 46 Star Flag (1908-1912) No
60%
Under what flag was George H. W. Bush born under? 46 Star Flag (1908-1912) No
60%
Under what flag was Jimmy Carter born under? 46 Star Flag (1908-1912) No
60%
Under what flag was Bill Clinton born under? 48 Star Flag (1912-1959) Yes
60%
Under what flag was George H. W. Bush born under? 48 Star Flag (1912-1959) Yes
60%
Under what flag was Jimmy Carter born under? 48 Star Flag (1912-1959) Yes
60%
Under what flag was George W. Bush born under? 50 Star Flag (1960-) No
60%
Under what flag was Ronald Reagan born under? 50 Star Flag (1960-) No
60%
Under what flag was Jimmy Carter born under? 50 Star Flag (1960-) No
60%
Under what flag was Ronald Reagan born under? Flag of Great Britain (1707-1775) No
60%
Under what flag was Jimmy Carter born under? Flag of Great Britain (1707-1775) No
60%
Under what flag was Ronald Reagan born under? Star Spangled Banner, 15 star (1795-1818) No
60%
Under what flag was Jimmy Carter born under? Star Spangled Banner, 15 star (1795-1818) No
60%
Under what flag was Gerald Ford born under? 13 Star Flag (1777-1795) No
40%
Under what flag was Richard Nixon born under? 13 Star Flag (1777-1795) No
40%
Under what flag was Lyndon B. Johnson born under? 13 Star Flag (1777-1795) No
40%
Under what flag was John F. Kennedy born under? 13 Star Flag (1777-1795) No
40%
Under what flag was Dwight D. Eisenhower born under? 13 Star Flag (1777-1795) No
40%
Under what flag was Harry S. Truman born under? 13 Star Flag (1777-1795) No
40%
Under what flag was Franklin D. Roosevelt born under? 13 Star Flag (1777-1795) No
40%
Under what flag was Herbert Hoover born under? 13 Star Flag (1777-1795) No
40%
Under what flag was Gerald Ford born under? 23 Star Flag (1820-1822) No
40%
Under what flag was Richard Nixon born under? 23 Star Flag (1820-1822) No
40%
Under what flag was Lyndon B. Johnson born under? 23 Star Flag (1820-1822) No
40%
Under what flag was John F. Kennedy born under? 23 Star Flag (1820-1822) No
40%
Under what flag was Dwight D. Eisenhower born under? 23 Star Flag (1820-1822) No
40%
Under what flag was Harry S. Truman born under? 23 Star Flag (1820-1822) No
40%
Under what flag was Franklin D. Roosevelt born under? 23 Star Flag (1820-1822) No
40%
Under what flag was Herbert Hoover born under? 23 Star Flag (1820-1822) No
40%
Under what flag was Gerald Ford born under? 24 Star Flag (1822-1836) No
40%
Under what flag was Richard Nixon born under? 24 Star Flag (1822-1836) No
40%
Under what flag was Lyndon B. Johnson born under? 24 Star Flag (1822-1836) No
40%
Under what flag was John F. Kennedy born under? 24 Star Flag (1822-1836) No
40%
Under what flag was Dwight D. Eisenhower born under? 24 Star Flag (1822-1836) No
40%
Under what flag was Harry S. Truman born under? 24 Star Flag (1822-1836) No
40%
Under what flag was Franklin D. Roosevelt born under? 24 Star Flag (1822-1836) No
40%
Under what flag was Herbert Hoover born under? 24 Star Flag (1822-1836) No
40%
Under what flag was Gerald Ford born under? 25 Star Flag (1836-1837) No
40%
Under what flag was Richard Nixon born under? 25 Star Flag (1836-1837) No
40%
Under what flag was Lyndon B. Johnson born under? 25 Star Flag (1836-1837) No
40%
Under what flag was John F. Kennedy born under? 25 Star Flag (1836-1837) No
40%
Under what flag was Dwight D. Eisenhower born under? 25 Star Flag (1836-1837) No
40%
Under what flag was Harry S. Truman born under? 25 Star Flag (1836-1837) No
40%
Under what flag was Franklin D. Roosevelt born under? 25 Star Flag (1836-1837) No
40%
Under what flag was Herbert Hoover born under? 25 Star Flag (1836-1837) No
40%
Under what flag was Gerald Ford born under? 26 Star Flag (1837-1845) No
40%
Under what flag was Richard Nixon born under? 26 Star Flag (1837-1845) No
40%
Under what flag was Lyndon B. Johnson born under? 26 Star Flag (1837-1845) No
40%
Under what flag was John F. Kennedy born under? 26 Star Flag (1837-1845) No
40%
Under what flag was Dwight D. Eisenhower born under? 26 Star Flag (1837-1845) No
40%
Under what flag was Harry S. Truman born under? 26 Star Flag (1837-1845) No
40%
Under what flag was Franklin D. Roosevelt born under? 26 Star Flag (1837-1845) No
40%
Under what flag was Herbert Hoover born under? 26 Star Flag (1837-1845) No
40%
Under what flag was Gerald Ford born under? 31 Star Flag(1851-1858) No
40%
Under what flag was Richard Nixon born under? 31 Star Flag(1851-1858) No
40%
Under what flag was Lyndon B. Johnson born under? 31 Star Flag(1851-1858) No
40%
Under what flag was John F. Kennedy born under? 31 Star Flag(1851-1858) No
40%
Under what flag was Dwight D. Eisenhower born under? 31 Star Flag(1851-1858) No
40%
Under what flag was Harry S. Truman born under? 31 Star Flag(1851-1858) No
40%
Under what flag was Franklin D. Roosevelt born under? 31 Star Flag(1851-1858) No
40%
Under what flag was Herbert Hoover born under? 31 Star Flag(1851-1858) No
40%
Under what flag was Gerald Ford born under? 32 Star Flag (1858-1859) No
40%
Under what flag was Richard Nixon born under? 32 Star Flag (1858-1859) No
40%
Under what flag was Lyndon B. Johnson born under? 32 Star Flag (1858-1859) No
40%
Under what flag was John F. Kennedy born under? 32 Star Flag (1858-1859) No
40%
Under what flag was Dwight D. Eisenhower born under? 32 Star Flag (1858-1859) No
40%
Under what flag was Harry S. Truman born under? 32 Star Flag (1858-1859) No
40%
Under what flag was Franklin D. Roosevelt born under? 32 Star Flag (1858-1859) No
40%
Under what flag was Herbert Hoover born under? 32 Star Flag (1858-1859) No
40%
Under what flag was Gerald Ford born under? 36 Star Flag (1865-1867) No
40%
Under what flag was Richard Nixon born under? 36 Star Flag (1865-1867) No
40%
Under what flag was Lyndon B. Johnson born under? 36 Star Flag (1865-1867) No
40%
Under what flag was John F. Kennedy born under? 36 Star Flag (1865-1867) No
40%
Under what flag was Dwight D. Eisenhower born under? 36 Star Flag (1865-1867) No
40%
Under what flag was Harry S. Truman born under? 36 Star Flag (1865-1867) No
40%
Under what flag was Franklin D. Roosevelt born under? 36 Star Flag (1865-1867) No
40%
Under what flag was Herbert Hoover born under? 36 Star Flag (1865-1867) No
40%
Under what flag was Gerald Ford born under? 37 Star Flag (1867-1877) No
40%
Under what flag was Richard Nixon born under? 37 Star Flag (1867-1877) No
40%
Under what flag was Lyndon B. Johnson born under? 37 Star Flag (1867-1877) No
40%
Under what flag was John F. Kennedy born under? 37 Star Flag (1867-1877) No
40%
Under what flag was Dwight D. Eisenhower born under? 37 Star Flag (1867-1877) No
40%
Under what flag was Harry S. Truman born under? 37 Star Flag (1867-1877) No
40%
Under what flag was Franklin D. Roosevelt born under? 37 Star Flag (1867-1877) No
40%
Under what flag was Gerald Ford born under? 38 Star Flag (1877-1890) No
40%
Under what flag was Richard Nixon born under? 38 Star Flag (1877-1890) No
40%
Under what flag was Lyndon B. Johnson born under? 38 Star Flag (1877-1890) No
40%
Under what flag was John F. Kennedy born under? 38 Star Flag (1877-1890) No
40%
Under what flag was Dwight D. Eisenhower born under? 38 Star Flag (1877-1890) No
40%
Under what flag was Gerald Ford born under? 43 Star Flag (1890-1891) No
40%
Under what flag was Richard Nixon born under? 43 Star Flag (1890-1891) No
40%
Under what flag was Lyndon B. Johnson born under? 43 Star Flag (1890-1891) No
40%
Under what flag was John F. Kennedy born under? 43 Star Flag (1890-1891) No
40%
Under what flag was Franklin D. Roosevelt born under? 43 Star Flag (1890-1891) No
40%
Under what flag was Richard Nixon born under? 46 Star Flag (1908-1912) No
40%
Under what flag was Lyndon B. Johnson born under? 46 Star Flag (1908-1912) Yes
40%
Under what flag was John F. Kennedy born under? 46 Star Flag (1908-1912) No
40%
Under what flag was Herbert Hoover born under? 46 Star Flag (1908-1912) No
40%
Under what flag was Richard Nixon born under? 48 Star Flag (1912-1959) Yes
40%
Under what flag was Lyndon B. Johnson born under? 48 Star Flag (1912-1959) No
40%
Under what flag was John F. Kennedy born under? 48 Star Flag (1912-1959) Yes
40%
Under what flag was Dwight D. Eisenhower born under? 48 Star Flag (1912-1959) No
40%
Under what flag was Harry S. Truman born under? 48 Star Flag (1912-1959) No
40%
Under what flag was Franklin D. Roosevelt born under? 48 Star Flag (1912-1959) No
40%
Under what flag was Herbert Hoover born under? 48 Star Flag (1912-1959) No
40%
Under what flag was Gerald Ford born under? 50 Star Flag (1960-) No
40%
Under what flag was Richard Nixon born under? 50 Star Flag (1960-) No
40%
Under what flag was Lyndon B. Johnson born under? 50 Star Flag (1960-) No
40%
Under what flag was John F. Kennedy born under? 50 Star Flag (1960-) No
40%
Under what flag was Dwight D. Eisenhower born under? 50 Star Flag (1960-) No
40%
Under what flag was Harry S. Truman born under? 50 Star Flag (1960-) No
40%
Under what flag was Franklin D. Roosevelt born under? 50 Star Flag (1960-) No
40%
Under what flag was Herbert Hoover born under? 50 Star Flag (1960-) No
40%
Under what flag was Gerald Ford born under? Flag of Great Britain (1707-1775) No
40%
Under what flag was Richard Nixon born under? Flag of Great Britain (1707-1775) No
40%
Under what flag was Lyndon B. Johnson born under? Flag of Great Britain (1707-1775) No
40%
Under what flag was John F. Kennedy born under? Flag of Great Britain (1707-1775) No
40%
Under what flag was Dwight D. Eisenhower born under? Flag of Great Britain (1707-1775) No
40%
Under what flag was Harry S. Truman born under? Flag of Great Britain (1707-1775) No
40%
Under what flag was Franklin D. Roosevelt born under? Flag of Great Britain (1707-1775) No
40%
Under what flag was Herbert Hoover born under? Flag of Great Britain (1707-1775) No
40%
Under what flag was Gerald Ford born under? Star Spangled Banner, 15 star (1795-1818) No
40%
Under what flag was Richard Nixon born under? Star Spangled Banner, 15 star (1795-1818) No
40%
Under what flag was Lyndon B. Johnson born under? Star Spangled Banner, 15 star (1795-1818) No
40%
Under what flag was John F. Kennedy born under? Star Spangled Banner, 15 star (1795-1818) No
40%
Under what flag was Dwight D. Eisenhower born under? Star Spangled Banner, 15 star (1795-1818) No
40%
Under what flag was Harry S. Truman born under? Star Spangled Banner, 15 star (1795-1818) No
40%
Under what flag was Franklin D. Roosevelt born under? Star Spangled Banner, 15 star (1795-1818) No
40%
Under what flag was Herbert Hoover born under? Star Spangled Banner, 15 star (1795-1818) No
40%
Under what flag was Calvin Coolidge born under? 13 Star Flag (1777-1795) No
20%
Under what flag was Warren G. Harding born under? 13 Star Flag (1777-1795) No
20%
Under what flag was Woodrow Wilson born under? 13 Star Flag (1777-1795) No
20%
Under what flag was William Howard Taft born under? 13 Star Flag (1777-1795) No
20%
Under what flag was Theodore Roosevelt born under? 13 Star Flag (1777-1795) No
20%
Under what flag was William McKinley born under? 13 Star Flag (1777-1795) No
20%
Under what flag was Benjamin Harrison born under? 13 Star Flag (1777-1795) No
20%
Under what flag was Grover Cleveland born under? 13 Star Flag (1777-1795) No
20%
Under what flag was Chester A. Arthur born under? 13 Star Flag (1777-1795) No
20%
Under what flag was James A. Garfield born under? 13 Star Flag (1777-1795) No
20%
Under what flag was Rutherford B. Hayes born under? 13 Star Flag (1777-1795) No
20%
Under what flag was Ulysses S. Grant born under? 13 Star Flag (1777-1795) No
20%
Under what flag was Andrew Johnson born under? 13 Star Flag (1777-1795) No
20%
Under what flag was Abraham Lincoln born under? 13 Star Flag (1777-1795) No
20%
Under what flag was Franklin Pierce born under? 13 Star Flag (1777-1795) No
20%
Under what flag was Zachary Taylor born under? 13 Star Flag (1777-1795) Yes
20%
Under what flag was James K. Polk born under? 13 Star Flag (1777-1795) No
20%
Under what flag was William Henry Harrison born under? 13 Star Flag (1777-1795) No
20%
Under what flag was Andrew Jackson born under? 13 Star Flag (1777-1795) No
20%
Under what flag was John Quincy Adams born under? 13 Star Flag (1777-1795) No
20%
Under what flag was James Monroe born under? 13 Star Flag (1777-1795) No
20%
Under what flag was James Madison born under? 13 Star Flag (1777-1795) No
20%
Under what flag was Thomas Jefferson born under? 13 Star Flag (1777-1795) No
20%
Under what flag was John Adams born under? 13 Star Flag (1777-1795) No
20%
Under what flag was George Washington born under? 13 Star Flag (1777-1795) No
20%
Under what flag was Calvin Coolidge born under? 23 Star Flag (1820-1822) No
20%
Under what flag was Warren G. Harding born under? 23 Star Flag (1820-1822) No
20%
Under what flag was Woodrow Wilson born under? 23 Star Flag (1820-1822) No
20%
Under what flag was William Howard Taft born under? 23 Star Flag (1820-1822) No
20%
Under what flag was Theodore Roosevelt born under? 23 Star Flag (1820-1822) No
20%
Under what flag was William McKinley born under? 23 Star Flag (1820-1822) No
20%
Under what flag was Benjamin Harrison born under? 23 Star Flag (1820-1822) No
20%
Under what flag was Grover Cleveland born under? 23 Star Flag (1820-1822) No
20%
Under what flag was Chester A. Arthur born under? 23 Star Flag (1820-1822) No
20%
Under what flag was James A. Garfield born under? 23 Star Flag (1820-1822) No
20%
Under what flag was Rutherford B. Hayes born under? 23 Star Flag (1820-1822) No
20%
Under what flag was Andrew Johnson born under? 23 Star Flag (1820-1822) No
20%
Under what flag was James Buchanan born under? 23 Star Flag (1820-1822) No
20%
Under what flag was Franklin Pierce born under? 23 Star Flag (1820-1822) No
20%
Under what flag was Millard Fillmore born under? 23 Star Flag (1820-1822) No
20%
Under what flag was Zachary Taylor born under? 23 Star Flag (1820-1822) No
20%
Under what flag was James K. Polk born under? 23 Star Flag (1820-1822) No
20%
Under what flag was John Tyler born under? 23 Star Flag (1820-1822) No
20%
Under what flag was William Henry Harrison born under? 23 Star Flag (1820-1822) No
20%
Under what flag was Martin Van Buren born under? 23 Star Flag (1820-1822) No
20%
Under what flag was Andrew Jackson born under? 23 Star Flag (1820-1822) No
20%
Under what flag was John Quincy Adams born under? 23 Star Flag (1820-1822) No
20%
Under what flag was James Monroe born under? 23 Star Flag (1820-1822) No
20%
Under what flag was James Madison born under? 23 Star Flag (1820-1822) No
20%
Under what flag was Thomas Jefferson born under? 23 Star Flag (1820-1822) No
20%
Under what flag was John Adams born under? 23 Star Flag (1820-1822) No
20%
Under what flag was George Washington born under? 23 Star Flag (1820-1822) No
20%
Under what flag was Calvin Coolidge born under? 24 Star Flag (1822-1836) No
20%
Under what flag was Warren G. Harding born under? 24 Star Flag (1822-1836) No
20%
Under what flag was Woodrow Wilson born under? 24 Star Flag (1822-1836) No
20%
Under what flag was William Howard Taft born under? 24 Star Flag (1822-1836) No
20%
Under what flag was Theodore Roosevelt born under? 24 Star Flag (1822-1836) No
20%
Under what flag was William McKinley born under? 24 Star Flag (1822-1836) No
20%
Under what flag was Grover Cleveland born under? 24 Star Flag (1822-1836) No
20%
Under what flag was Ulysses S. Grant born under? 24 Star Flag (1822-1836) No
20%
Under what flag was Andrew Johnson born under? 24 Star Flag (1822-1836) No
20%
Under what flag was Abraham Lincoln born under? 24 Star Flag (1822-1836) No
20%
Under what flag was James Buchanan born under? 24 Star Flag (1822-1836) No
20%
Under what flag was Franklin Pierce born under? 24 Star Flag (1822-1836) No
20%
Under what flag was Millard Fillmore born under? 24 Star Flag (1822-1836) No
20%
Under what flag was Zachary Taylor born under? 24 Star Flag (1822-1836) No
20%
Under what flag was James K. Polk born under? 24 Star Flag (1822-1836) No
20%
Under what flag was John Tyler born under? 24 Star Flag (1822-1836) No
20%
Under what flag was William Henry Harrison born under? 24 Star Flag (1822-1836) No
20%
Under what flag was Martin Van Buren born under? 24 Star Flag (1822-1836) No
20%
Under what flag was Andrew Jackson born under? 24 Star Flag (1822-1836) No
20%
Under what flag was John Quincy Adams born under? 24 Star Flag (1822-1836) No
20%
Under what flag was James Monroe born under? 24 Star Flag (1822-1836) No
20%
Under what flag was James Madison born under? 24 Star Flag (1822-1836) No
20%
Under what flag was Thomas Jefferson born under? 24 Star Flag (1822-1836) No
20%
Under what flag was John Adams born under? 24 Star Flag (1822-1836) No
20%
Under what flag was George Washington born under? 24 Star Flag (1822-1836) No
20%
Under what flag was Calvin Coolidge born under? 25 Star Flag (1836-1837) No
20%
Under what flag was Warren G. Harding born under? 25 Star Flag (1836-1837) No
20%
Under what flag was Woodrow Wilson born under? 25 Star Flag (1836-1837) No
20%
Under what flag was William Howard Taft born under? 25 Star Flag (1836-1837) No
20%
Under what flag was Theodore Roosevelt born under? 25 Star Flag (1836-1837) No
20%
Under what flag was William McKinley born under? 25 Star Flag (1836-1837) No
20%
Under what flag was Benjamin Harrison born under? 25 Star Flag (1836-1837) No
20%
Under what flag was Chester A. Arthur born under? 25 Star Flag (1836-1837) No
20%
Under what flag was James A. Garfield born under? 25 Star Flag (1836-1837) No
20%
Under what flag was Rutherford B. Hayes born under? 25 Star Flag (1836-1837) No
20%
Under what flag was Abraham Lincoln born under? 25 Star Flag (1836-1837) No
20%
Under what flag was James Buchanan born under? 25 Star Flag (1836-1837) No
20%
Under what flag was Franklin Pierce born under? 25 Star Flag (1836-1837) No
20%
Under what flag was Millard Fillmore born under? 25 Star Flag (1836-1837) No
20%
Under what flag was Zachary Taylor born under? 25 Star Flag (1836-1837) No
20%
Under what flag was James K. Polk born under? 25 Star Flag (1836-1837) No
20%
Under what flag was John Tyler born under? 25 Star Flag (1836-1837) No
20%
Under what flag was William Henry Harrison born under? 25 Star Flag (1836-1837) No
20%
Under what flag was Martin Van Buren born under? 25 Star Flag (1836-1837) No
20%
Under what flag was Andrew Jackson born under? 25 Star Flag (1836-1837) No
20%
Under what flag was John Quincy Adams born under? 25 Star Flag (1836-1837) No
20%
Under what flag was James Monroe born under? 25 Star Flag (1836-1837) No
20%
Under what flag was James Madison born under? 25 Star Flag (1836-1837) No
20%
Under what flag was Thomas Jefferson born under? 25 Star Flag (1836-1837) No
20%
Under what flag was John Adams born under? 25 Star Flag (1836-1837) No
20%
Under what flag was George Washington born under? 25 Star Flag (1836-1837) No
20%
Under what flag was Calvin Coolidge born under? 26 Star Flag (1837-1845) No
20%
Under what flag was Warren G. Harding born under? 26 Star Flag (1837-1845) No
20%
Under what flag was Woodrow Wilson born under? 26 Star Flag (1837-1845) No
20%
Under what flag was William Howard Taft born under? 26 Star Flag (1837-1845) No
20%
Under what flag was Theodore Roosevelt born under? 26 Star Flag (1837-1845) No
20%
Under what flag was Benjamin Harrison born under? 26 Star Flag (1837-1845) No
20%
Under what flag was Grover Cleveland born under? 26 Star Flag (1837-1845) No
20%
Under what flag was Chester A. Arthur born under? 26 Star Flag (1837-1845) No
20%
Under what flag was James A. Garfield born under? 26 Star Flag (1837-1845) No
20%
Under what flag was Rutherford B. Hayes born under? 26 Star Flag (1837-1845) No
20%
Under what flag was Ulysses S. Grant born under? 26 Star Flag (1837-1845) No
20%
Under what flag was Andrew Johnson born under? 26 Star Flag (1837-1845) No
20%
Under what flag was Abraham Lincoln born under? 26 Star Flag (1837-1845) No
20%
Under what flag was James Buchanan born under? 26 Star Flag (1837-1845) No
20%
Under what flag was Franklin Pierce born under? 26 Star Flag (1837-1845) No
20%
Under what flag was Millard Fillmore born under? 26 Star Flag (1837-1845) No
20%
Under what flag was Zachary Taylor born under? 26 Star Flag (1837-1845) No
20%
Under what flag was James K. Polk born under? 26 Star Flag (1837-1845) No
20%
Under what flag was John Tyler born under? 26 Star Flag (1837-1845) No
20%
Under what flag was William Henry Harrison born under? 26 Star Flag (1837-1845) No
20%
Under what flag was Martin Van Buren born under? 26 Star Flag (1837-1845) No
20%
Under what flag was Andrew Jackson born under? 26 Star Flag (1837-1845) No
20%
Under what flag was John Quincy Adams born under? 26 Star Flag (1837-1845) No
20%
Under what flag was James Monroe born under? 26 Star Flag (1837-1845) No
20%
Under what flag was James Madison born under? 26 Star Flag (1837-1845) No
20%
Under what flag was Thomas Jefferson born under? 26 Star Flag (1837-1845) No
20%
Under what flag was John Adams born under? 26 Star Flag (1837-1845) No
20%
Under what flag was George Washington born under? 26 Star Flag (1837-1845) No
20%
Under what flag was Calvin Coolidge born under? 31 Star Flag(1851-1858) No
20%
Under what flag was Warren G. Harding born under? 31 Star Flag(1851-1858) No
20%
Under what flag was Theodore Roosevelt born under? 31 Star Flag(1851-1858) No
20%
Under what flag was William McKinley born under? 31 Star Flag(1851-1858) No
20%
Under what flag was Benjamin Harrison born under? 31 Star Flag(1851-1858) No
20%
Under what flag was Grover Cleveland born under? 31 Star Flag(1851-1858) No
20%
Under what flag was Chester A. Arthur born under? 31 Star Flag(1851-1858) No
20%
Under what flag was James A. Garfield born under? 31 Star Flag(1851-1858) No
20%
Under what flag was Rutherford B. Hayes born under? 31 Star Flag(1851-1858) No
20%
Under what flag was Ulysses S. Grant born under? 31 Star Flag(1851-1858) No
20%
Under what flag was Andrew Johnson born under? 31 Star Flag(1851-1858) No
20%
Under what flag was Abraham Lincoln born under? 31 Star Flag(1851-1858) No
20%
Under what flag was James Buchanan born under? 31 Star Flag(1851-1858) No
20%
Under what flag was Franklin Pierce born under? 31 Star Flag(1851-1858) No
20%
Under what flag was Millard Fillmore born under? 31 Star Flag(1851-1858) No
20%
Under what flag was Zachary Taylor born under? 31 Star Flag(1851-1858) No
20%
Under what flag was James K. Polk born under? 31 Star Flag(1851-1858) No
20%
Under what flag was John Tyler born under? 31 Star Flag(1851-1858) No
20%
Under what flag was William Henry Harrison born under? 31 Star Flag(1851-1858) No
20%
Under what flag was Martin Van Buren born under? 31 Star Flag(1851-1858) No
20%
Under what flag was Andrew Jackson born under? 31 Star Flag(1851-1858) No
20%
Under what flag was John Quincy Adams born under? 31 Star Flag(1851-1858) No
20%
Under what flag was James Monroe born under? 31 Star Flag(1851-1858) No
20%
Under what flag was James Madison born under? 31 Star Flag(1851-1858) No
20%
Under what flag was Thomas Jefferson born under? 31 Star Flag(1851-1858) No
20%
Under what flag was John Adams born under? 31 Star Flag(1851-1858) No
20%
Under what flag was George Washington born under? 31 Star Flag(1851-1858) No
20%
Under what flag was Calvin Coolidge born under? 32 Star Flag (1858-1859) No
20%
Under what flag was Warren G. Harding born under? 32 Star Flag (1858-1859) No
20%
Under what flag was Woodrow Wilson born under? 32 Star Flag (1858-1859) No
20%
Under what flag was William Howard Taft born under? 32 Star Flag (1858-1859) No
20%
Under what flag was William McKinley born under? 32 Star Flag (1858-1859) No
20%
Under what flag was Benjamin Harrison born under? 32 Star Flag (1858-1859) No
20%
Under what flag was Grover Cleveland born under? 32 Star Flag (1858-1859) No
20%
Under what flag was Chester A. Arthur born under? 32 Star Flag (1858-1859) No
20%
Under what flag was James A. Garfield born under? 32 Star Flag (1858-1859) No
20%
Under what flag was Ulysses S. Grant born under? 32 Star Flag (1858-1859) No
20%
Under what flag was Andrew Johnson born under? 32 Star Flag (1858-1859) No
20%
Under what flag was Abraham Lincoln born under? 32 Star Flag (1858-1859) No
20%
Under what flag was James Buchanan born under? 32 Star Flag (1858-1859) No
20%
Under what flag was Franklin Pierce born under? 32 Star Flag (1858-1859) No
20%
Under what flag was Millard Fillmore born under? 32 Star Flag (1858-1859) No
20%
Under what flag was Zachary Taylor born under? 32 Star Flag (1858-1859) No
20%
Under what flag was James K. Polk born under? 32 Star Flag (1858-1859) No
20%
Under what flag was John Tyler born under? 32 Star Flag (1858-1859) No
20%
Under what flag was William Henry Harrison born under? 32 Star Flag (1858-1859) No
20%
Under what flag was Martin Van Buren born under? 32 Star Flag (1858-1859) No
20%
Under what flag was Andrew Jackson born under? 32 Star Flag (1858-1859) No
20%
Under what flag was John Quincy Adams born under? 32 Star Flag (1858-1859) No
20%
Under what flag was James Monroe born under? 32 Star Flag (1858-1859) No
20%
Under what flag was James Madison born under? 32 Star Flag (1858-1859) No
20%
Under what flag was Thomas Jefferson born under? 32 Star Flag (1858-1859) No
20%
Under what flag was John Adams born under? 32 Star Flag (1858-1859) No
20%
Under what flag was George Washington born under? 32 Star Flag (1858-1859) No
20%
Under what flag was Calvin Coolidge born under? 36 Star Flag (1865-1867) No
20%
Under what flag was Woodrow Wilson born under? 36 Star Flag (1865-1867) No
20%
Under what flag was William Howard Taft born under? 36 Star Flag (1865-1867) No
20%
Under what flag was Theodore Roosevelt born under? 36 Star Flag (1865-1867) No
20%
Under what flag was William McKinley born under? 36 Star Flag (1865-1867) No
20%
Under what flag was Grover Cleveland born under? 36 Star Flag (1865-1867) No
20%
Under what flag was Rutherford B. Hayes born under? 36 Star Flag (1865-1867) No
20%
Under what flag was Ulysses S. Grant born under? 36 Star Flag (1865-1867) No
20%
Under what flag was Andrew Johnson born under? 36 Star Flag (1865-1867) No
20%
Under what flag was Abraham Lincoln born under? 36 Star Flag (1865-1867) No
20%
Under what flag was James Buchanan born under? 36 Star Flag (1865-1867) No
20%
Under what flag was Franklin Pierce born under? 36 Star Flag (1865-1867) No
20%
Under what flag was Millard Fillmore born under? 36 Star Flag (1865-1867) No
20%
Under what flag was Zachary Taylor born under? 36 Star Flag (1865-1867) No
20%
Under what flag was James K. Polk born under? 36 Star Flag (1865-1867) No
20%
Under what flag was John Tyler born under? 36 Star Flag (1865-1867) No
20%
Under what flag was William Henry Harrison born under? 36 Star Flag (1865-1867) No
20%
Under what flag was Martin Van Buren born under? 36 Star Flag (1865-1867) No
20%
Under what flag was Andrew Jackson born under? 36 Star Flag (1865-1867) No
20%
Under what flag was John Quincy Adams born under? 36 Star Flag (1865-1867) No
20%
Under what flag was James Monroe born under? 36 Star Flag (1865-1867) No
20%
Under what flag was James Madison born under? 36 Star Flag (1865-1867) No
20%
Under what flag was Thomas Jefferson born under? 36 Star Flag (1865-1867) No
20%
Under what flag was John Adams born under? 36 Star Flag (1865-1867) No
20%
Under what flag was George Washington born under? 36 Star Flag (1865-1867) No
20%
Under what flag was William Howard Taft born under? 37 Star Flag (1867-1877) No
20%
Under what flag was Theodore Roosevelt born under? 37 Star Flag (1867-1877) No
20%
Under what flag was Benjamin Harrison born under? 37 Star Flag (1867-1877) No
20%
Under what flag was Chester A. Arthur born under? 37 Star Flag (1867-1877) No
20%
Under what flag was James A. Garfield born under? 37 Star Flag (1867-1877) No
20%
Under what flag was Rutherford B. Hayes born under? 37 Star Flag (1867-1877) No
20%
Under what flag was Ulysses S. Grant born under? 37 Star Flag (1867-1877) No
20%
Under what flag was Andrew Johnson born under? 37 Star Flag (1867-1877) No
20%
Under what flag was Abraham Lincoln born under? 37 Star Flag (1867-1877) No
20%
Under what flag was James Buchanan born under? 37 Star Flag (1867-1877) No
20%
Under what flag was Franklin Pierce born under? 37 Star Flag (1867-1877) No
20%
Under what flag was Millard Fillmore born under? 37 Star Flag (1867-1877) No
20%
Under what flag was Zachary Taylor born under? 37 Star Flag (1867-1877) No
20%
Under what flag was James K. Polk born under? 37 Star Flag (1867-1877) No
20%
Under what flag was John Tyler born under? 37 Star Flag (1867-1877) No
20%
Under what flag was William Henry Harrison born under? 37 Star Flag (1867-1877) No
20%
Under what flag was Martin Van Buren born under? 37 Star Flag (1867-1877) No
20%
Under what flag was Andrew Jackson born under? 37 Star Flag (1867-1877) No
20%
Under what flag was John Quincy Adams born under? 37 Star Flag (1867-1877) No
20%
Under what flag was James Monroe born under? 37 Star Flag (1867-1877) No
20%
Under what flag was James Madison born under? 37 Star Flag (1867-1877) No
20%
Under what flag was Thomas Jefferson born under? 37 Star Flag (1867-1877) No
20%
Under what flag was John Adams born under? 37 Star Flag (1867-1877) No
20%
Under what flag was George Washington born under? 37 Star Flag (1867-1877) No
20%
Under what flag was Herbert Hoover born under? 38 Star Flag (1877-1890) No
20%
Under what flag was Warren G. Harding born under? 38 Star Flag (1877-1890) No
20%
Under what flag was Woodrow Wilson born under? 38 Star Flag (1877-1890) No
20%
Under what flag was William McKinley born under? 38 Star Flag (1877-1890) No
20%
Under what flag was Benjamin Harrison born under? 38 Star Flag (1877-1890) No
20%
Under what flag was Grover Cleveland born under? 38 Star Flag (1877-1890) No
20%
Under what flag was Chester A. Arthur born under? 38 Star Flag (1877-1890) No
20%
Under what flag was James A. Garfield born under? 38 Star Flag (1877-1890) No
20%
Under what flag was Rutherford B. Hayes born under? 38 Star Flag (1877-1890) No
20%
Under what flag was Ulysses S. Grant born under? 38 Star Flag (1877-1890) No
20%
Under what flag was Andrew Johnson born under? 38 Star Flag (1877-1890) No
20%
Under what flag was Abraham Lincoln born under? 38 Star Flag (1877-1890) No
20%
Under what flag was James Buchanan born under? 38 Star Flag (1877-1890) No
20%
Under what flag was Franklin Pierce born under? 38 Star Flag (1877-1890) No
20%
Under what flag was Millard Fillmore born under? 38 Star Flag (1877-1890) No
20%
Under what flag was Zachary Taylor born under? 38 Star Flag (1877-1890) No
20%
Under what flag was James K. Polk born under? 38 Star Flag (1877-1890) No
20%
Under what flag was John Tyler born under? 38 Star Flag (1877-1890) No
20%
Under what flag was William Henry Harrison born under? 38 Star Flag (1877-1890) No
20%
Under what flag was Martin Van Buren born under? 38 Star Flag (1877-1890) No
20%
Under what flag was Andrew Jackson born under? 38 Star Flag (1877-1890) No
20%
Under what flag was John Quincy Adams born under? 38 Star Flag (1877-1890) No
20%
Under what flag was James Monroe born under? 38 Star Flag (1877-1890) No
20%
Under what flag was James Madison born under? 38 Star Flag (1877-1890) No
20%
Under what flag was Thomas Jefferson born under? 38 Star Flag (1877-1890) No
20%
Under what flag was John Adams born under? 38 Star Flag (1877-1890) No
20%
Under what flag was George Washington born under? 38 Star Flag (1877-1890) No
20%
Under what flag was Dwight D. Eisenhower born under? 43 Star Flag (1890-1891) Yes
20%
Under what flag was Harry S. Truman born under? 43 Star Flag (1890-1891) No
20%
Under what flag was Herbert Hoover born under? 43 Star Flag (1890-1891) No
20%
Under what flag was Calvin Coolidge born under? 43 Star Flag (1890-1891) No
20%
Under what flag was Warren G. Harding born under? 43 Star Flag (1890-1891) No
20%
Under what flag was Woodrow Wilson born under? 43 Star Flag (1890-1891) No
20%
Under what flag was William Howard Taft born under? 43 Star Flag (1890-1891) No
20%
Under what flag was Theodore Roosevelt born under? 43 Star Flag (1890-1891) No
20%
Under what flag was William McKinley born under? 43 Star Flag (1890-1891) No
20%
Under what flag was Benjamin Harrison born under? 43 Star Flag (1890-1891) No
20%
Under what flag was Grover Cleveland born under? 43 Star Flag (1890-1891) No
20%
Under what flag was Chester A. Arthur born under? 43 Star Flag (1890-1891) No
20%
Under what flag was James A. Garfield born under? 43 Star Flag (1890-1891) No
20%
Under what flag was Rutherford B. Hayes born under? 43 Star Flag (1890-1891) No
20%
Under what flag was Ulysses S. Grant born under? 43 Star Flag (1890-1891) No
20%
Under what flag was Andrew Johnson born under? 43 Star Flag (1890-1891) No
20%
Under what flag was Abraham Lincoln born under? 43 Star Flag (1890-1891) No
20%
Under what flag was James Buchanan born under? 43 Star Flag (1890-1891) No
20%
Under what flag was Franklin Pierce born under? 43 Star Flag (1890-1891) No
20%
Under what flag was Millard Fillmore born under? 43 Star Flag (1890-1891) No
20%
Under what flag was Zachary Taylor born under? 43 Star Flag (1890-1891) No
20%
Under what flag was James K. Polk born under? 43 Star Flag (1890-1891) No
20%
Under what flag was John Tyler born under? 43 Star Flag (1890-1891) No
20%
Under what flag was William Henry Harrison born under? 43 Star Flag (1890-1891) No
20%
Under what flag was Martin Van Buren born under? 43 Star Flag (1890-1891) No
20%
Under what flag was Andrew Jackson born under? 43 Star Flag (1890-1891) No
20%
Under what flag was John Quincy Adams born under? 43 Star Flag (1890-1891) No
20%
Under what flag was James Monroe born under? 43 Star Flag (1890-1891) No
20%
Under what flag was James Madison born under? 43 Star Flag (1890-1891) No
20%
Under what flag was Thomas Jefferson born under? 43 Star Flag (1890-1891) No
20%
Under what flag was John Adams born under? 43 Star Flag (1890-1891) No
20%
Under what flag was George Washington born under? 43 Star Flag (1890-1891) No
20%
Under what flag was Ronald Reagan born under? 46 Star Flag (1908-1912) Yes
20%
Under what flag was Gerald Ford born under? 46 Star Flag (1908-1912) No
20%
Under what flag was Dwight D. Eisenhower born under? 46 Star Flag (1908-1912) No
20%
Under what flag was Harry S. Truman born under? 46 Star Flag (1908-1912) No
20%
Under what flag was Calvin Coolidge born under? 46 Star Flag (1908-1912) No
20%
Under what flag was Warren G. Harding born under? 46 Star Flag (1908-1912) No
20%
Under what flag was Woodrow Wilson born under? 46 Star Flag (1908-1912) No
20%
Under what flag was William Howard Taft born under? 46 Star Flag (1908-1912) No
20%
Under what flag was Theodore Roosevelt born under? 46 Star Flag (1908-1912) No
20%
Under what flag was William McKinley born under? 46 Star Flag (1908-1912) No
20%
Under what flag was Benjamin Harrison born under? 46 Star Flag (1908-1912) No
20%
Under what flag was Grover Cleveland born under? 46 Star Flag (1908-1912) No
20%
Under what flag was Chester A. Arthur born under? 46 Star Flag (1908-1912) No
20%
Under what flag was James A. Garfield born under? 46 Star Flag (1908-1912) No
20%
Under what flag was Rutherford B. Hayes born under? 46 Star Flag (1908-1912) No
20%
Under what flag was Ulysses S. Grant born under? 46 Star Flag (1908-1912) No
20%
Under what flag was Andrew Johnson born under? 46 Star Flag (1908-1912) No
20%
Under what flag was Abraham Lincoln born under? 46 Star Flag (1908-1912) No
20%
Under what flag was James Buchanan born under? 46 Star Flag (1908-1912) No
20%
Under what flag was Franklin Pierce born under? 46 Star Flag (1908-1912) No
20%
Under what flag was Millard Fillmore born under? 46 Star Flag (1908-1912) No
20%
Under what flag was Zachary Taylor born under? 46 Star Flag (1908-1912) No
20%
Under what flag was James K. Polk born under? 46 Star Flag (1908-1912) No
20%
Under what flag was John Tyler born under? 46 Star Flag (1908-1912) No
20%
Under what flag was William Henry Harrison born under? 46 Star Flag (1908-1912) No
20%
Under what flag was Martin Van Buren born under? 46 Star Flag (1908-1912) No
20%
Under what flag was Andrew Jackson born under? 46 Star Flag (1908-1912) No
20%
Under what flag was John Quincy Adams born under? 46 Star Flag (1908-1912) No
20%
Under what flag was James Monroe born under? 46 Star Flag (1908-1912) No
20%
Under what flag was James Madison born under? 46 Star Flag (1908-1912) No
20%
Under what flag was Thomas Jefferson born under? 46 Star Flag (1908-1912) No
20%
Under what flag was John Adams born under? 46 Star Flag (1908-1912) No
20%
Under what flag was George Washington born under? 46 Star Flag (1908-1912) No
20%
Under what flag was George W. Bush born under? 48 Star Flag (1912-1959) Yes
20%
Under what flag was Ronald Reagan born under? 48 Star Flag (1912-1959) No
20%
Under what flag was Gerald Ford born under? 48 Star Flag (1912-1959) Yes
20%
Under what flag was Calvin Coolidge born under? 48 Star Flag (1912-1959) No
20%
Under what flag was Warren G. Harding born under? 48 Star Flag (1912-1959) No
20%
Under what flag was Woodrow Wilson born under? 48 Star Flag (1912-1959) No
20%
Under what flag was William Howard Taft born under? 48 Star Flag (1912-1959) No
20%
Under what flag was Theodore Roosevelt born under? 48 Star Flag (1912-1959) No
20%
Under what flag was William McKinley born under? 48 Star Flag (1912-1959) No
20%
Under what flag was Benjamin Harrison born under? 48 Star Flag (1912-1959) No
20%
Under what flag was Grover Cleveland born under? 48 Star Flag (1912-1959) No
20%
Under what flag was Chester A. Arthur born under? 48 Star Flag (1912-1959) No
20%
Under what flag was James A. Garfield born under? 48 Star Flag (1912-1959) No
20%
Under what flag was Rutherford B. Hayes born under? 48 Star Flag (1912-1959) No
20%
Under what flag was Ulysses S. Grant born under? 48 Star Flag (1912-1959) No
20%
Under what flag was Andrew Johnson born under? 48 Star Flag (1912-1959) No
20%
Under what flag was Abraham Lincoln born under? 48 Star Flag (1912-1959) No
20%
Under what flag was James Buchanan born under? 48 Star Flag (1912-1959) No
20%
Under what flag was Franklin Pierce born under? 48 Star Flag (1912-1959) No
20%
Under what flag was Millard Fillmore born under? 48 Star Flag (1912-1959) No
20%
Under what flag was Zachary Taylor born under? 48 Star Flag (1912-1959) No
20%
Under what flag was James K. Polk born under? 48 Star Flag (1912-1959) No
20%
Under what flag was John Tyler born under? 48 Star Flag (1912-1959) No
20%
Under what flag was William Henry Harrison born under? 48 Star Flag (1912-1959) No
20%
Under what flag was Martin Van Buren born under? 48 Star Flag (1912-1959) No
20%
Under what flag was Andrew Jackson born under? 48 Star Flag (1912-1959) No
20%
Under what flag was John Quincy Adams born under? 48 Star Flag (1912-1959) No
20%
Under what flag was James Monroe born under? 48 Star Flag (1912-1959) No
20%
Under what flag was James Madison born under? 48 Star Flag (1912-1959) No
20%
Under what flag was Thomas Jefferson born under? 48 Star Flag (1912-1959) No
20%
Under what flag was John Adams born under? 48 Star Flag (1912-1959) No
20%
Under what flag was George Washington born under? 48 Star Flag (1912-1959) No
20%
Under what flag was Calvin Coolidge born under? 50 Star Flag (1960-) No
20%
Under what flag was Warren G. Harding born under? 50 Star Flag (1960-) No
20%
Under what flag was Woodrow Wilson born under? 50 Star Flag (1960-) No
20%
Under what flag was William Howard Taft born under? 50 Star Flag (1960-) No
20%
Under what flag was Theodore Roosevelt born under? 50 Star Flag (1960-) No
20%
Under what flag was William McKinley born under? 50 Star Flag (1960-) No
20%
Under what flag was Benjamin Harrison born under? 50 Star Flag (1960-) No
20%
Under what flag was Grover Cleveland born under? 50 Star Flag (1960-) No
20%
Under what flag was Chester A. Arthur born under? 50 Star Flag (1960-) No
20%
Under what flag was James A. Garfield born under? 50 Star Flag (1960-) No
20%
Under what flag was Rutherford B. Hayes born under? 50 Star Flag (1960-) No
20%
Under what flag was Ulysses S. Grant born under? 50 Star Flag (1960-) No
20%
Under what flag was Andrew Johnson born under? 50 Star Flag (1960-) No
20%
Under what flag was Abraham Lincoln born under? 50 Star Flag (1960-) No
20%
Under what flag was James Buchanan born under? 50 Star Flag (1960-) No
20%
Under what flag was Franklin Pierce born under? 50 Star Flag (1960-) No
20%
Under what flag was Millard Fillmore born under? 50 Star Flag (1960-) No
20%
Under what flag was Zachary Taylor born under? 50 Star Flag (1960-) No
20%
Under what flag was James K. Polk born under? 50 Star Flag (1960-) No
20%
Under what flag was John Tyler born under? 50 Star Flag (1960-) No
20%
Under what flag was William Henry Harrison born under? 50 Star Flag (1960-) No
20%
Under what flag was Martin Van Buren born under? 50 Star Flag (1960-) No
20%
Under what flag was Andrew Jackson born under? 50 Star Flag (1960-) No
20%
Under what flag was John Quincy Adams born under? 50 Star Flag (1960-) No
20%
Under what flag was James Monroe born under? 50 Star Flag (1960-) No
20%
Under what flag was James Madison born under? 50 Star Flag (1960-) No
20%
Under what flag was Thomas Jefferson born under? 50 Star Flag (1960-) No
20%
Under what flag was John Adams born under? 50 Star Flag (1960-) No
20%
Under what flag was George Washington born under? 50 Star Flag (1960-) No
20%
Under what flag was Calvin Coolidge born under? Flag of Great Britain (1707-1775) No
20%
Under what flag was Warren G. Harding born under? Flag of Great Britain (1707-1775) No
20%
Under what flag was Woodrow Wilson born under? Flag of Great Britain (1707-1775) No
20%
Under what flag was William Howard Taft born under? Flag of Great Britain (1707-1775) No
20%
Under what flag was Theodore Roosevelt born under? Flag of Great Britain (1707-1775) No
20%
Under what flag was William McKinley born under? Flag of Great Britain (1707-1775) No
20%
Under what flag was Benjamin Harrison born under? Flag of Great Britain (1707-1775) No
20%
Under what flag was Grover Cleveland born under? Flag of Great Britain (1707-1775) No
20%
Under what flag was Chester A. Arthur born under? Flag of Great Britain (1707-1775) No
20%
Under what flag was James A. Garfield born under? Flag of Great Britain (1707-1775) No
20%
Under what flag was Rutherford B. Hayes born under? Flag of Great Britain (1707-1775) No
20%
Under what flag was Ulysses S. Grant born under? Flag of Great Britain (1707-1775) No
20%
Under what flag was Andrew Johnson born under? Flag of Great Britain (1707-1775) No
20%
Under what flag was Abraham Lincoln born under? Flag of Great Britain (1707-1775) No
20%
Under what flag was James Buchanan born under? Flag of Great Britain (1707-1775) No
20%
Under what flag was Franklin Pierce born under? Flag of Great Britain (1707-1775) No
20%
Under what flag was Millard Fillmore born under? Flag of Great Britain (1707-1775) No
20%
Under what flag was Zachary Taylor born under? Flag of Great Britain (1707-1775) No
20%
Under what flag was William Henry Harrison born under? Flag of Great Britain (1707-1775) Yes
20%
Under what flag was Andrew Jackson born under? Flag of Great Britain (1707-1775) Yes
20%
Under what flag was John Quincy Adams born under? Flag of Great Britain (1707-1775) Yes
20%
Under what flag was James Monroe born under? Flag of Great Britain (1707-1775) Yes
20%
Under what flag was James Madison born under? Flag of Great Britain (1707-1775) Yes
20%
Under what flag was Thomas Jefferson born under? Flag of Great Britain (1707-1775) Yes
20%
Under what flag was John Adams born under? Flag of Great Britain (1707-1775) Yes
20%
Under what flag was George Washington born under? Flag of Great Britain (1707-1775) Yes
20%
Under what flag was Calvin Coolidge born under? Star Spangled Banner, 15 star (1795-1818) No
20%
Under what flag was Warren G. Harding born under? Star Spangled Banner, 15 star (1795-1818) No
20%
Under what flag was Woodrow Wilson born under? Star Spangled Banner, 15 star (1795-1818) No
20%
Under what flag was William Howard Taft born under? Star Spangled Banner, 15 star (1795-1818) No
20%
Under what flag was Theodore Roosevelt born under? Star Spangled Banner, 15 star (1795-1818) No
20%
Under what flag was William McKinley born under? Star Spangled Banner, 15 star (1795-1818) No
20%
Under what flag was Benjamin Harrison born under? Star Spangled Banner, 15 star (1795-1818) No
20%
Under what flag was Grover Cleveland born under? Star Spangled Banner, 15 star (1795-1818) No
20%
Under what flag was Chester A. Arthur born under? Star Spangled Banner, 15 star (1795-1818) No
20%
Under what flag was James A. Garfield born under? Star Spangled Banner, 15 star (1795-1818) No
20%
Under what flag was Rutherford B. Hayes born under? Star Spangled Banner, 15 star (1795-1818) No
20%
Under what flag was Ulysses S. Grant born under? Star Spangled Banner, 15 star (1795-1818) No
20%
Under what flag was Franklin Pierce born under? Star Spangled Banner, 15 star (1795-1818) Yes
20%
Under what flag was Zachary Taylor born under? Star Spangled Banner, 15 star (1795-1818) No
20%
Under what flag was John Tyler born under? Star Spangled Banner, 15 star (1795-1818) No
20%
Under what flag was William Henry Harrison born under? Star Spangled Banner, 15 star (1795-1818) No
20%
Under what flag was Martin Van Buren born under? Star Spangled Banner, 15 star (1795-1818) No
20%
Under what flag was Andrew Jackson born under? Star Spangled Banner, 15 star (1795-1818) No
20%
Under what flag was John Quincy Adams born under? Star Spangled Banner, 15 star (1795-1818) No
20%
Under what flag was James Monroe born under? Star Spangled Banner, 15 star (1795-1818) No
20%
Under what flag was James Madison born under? Star Spangled Banner, 15 star (1795-1818) No
20%
Under what flag was Thomas Jefferson born under? Star Spangled Banner, 15 star (1795-1818) No
20%
Under what flag was John Adams born under? Star Spangled Banner, 15 star (1795-1818) No
20%
Under what flag was George Washington born under? Star Spangled Banner, 15 star (1795-1818) No
20%
Under what flag was James Buchanan born under? 13 Star Flag (1777-1795) Yes
0%
Under what flag was Millard Fillmore born under? 13 Star Flag (1777-1795) No
0%
Under what flag was John Tyler born under? 13 Star Flag (1777-1795) Yes
0%
Under what flag was Martin Van Buren born under? 13 Star Flag (1777-1795) Yes
0%
Under what flag was Ulysses S. Grant born under? 23 Star Flag (1820-1822) Yes
0%
Under what flag was Abraham Lincoln born under? 23 Star Flag (1820-1822) No
0%
Under what flag was Benjamin Harrison born under? 24 Star Flag (1822-1836) Yes
0%
Under what flag was Chester A. Arthur born under? 24 Star Flag (1822-1836) Yes
0%
Under what flag was James A. Garfield born under? 24 Star Flag (1822-1836) Yes
0%
Under what flag was Rutherford B. Hayes born under? 24 Star Flag (1822-1836) Yes
0%
Under what flag was Grover Cleveland born under? 25 Star Flag (1836-1837) Yes
0%
Under what flag was Ulysses S. Grant born under? 25 Star Flag (1836-1837) No
0%
Under what flag was Andrew Johnson born under? 25 Star Flag (1836-1837) No
0%
Under what flag was William McKinley born under? 26 Star Flag (1837-1845) Yes
0%
Under what flag was Woodrow Wilson born under? 31 Star Flag(1851-1858) Yes
0%
Under what flag was William Howard Taft born under? 31 Star Flag(1851-1858) Yes
0%
Under what flag was Theodore Roosevelt born under? 32 Star Flag (1858-1859) Yes
0%
Under what flag was Rutherford B. Hayes born under? 32 Star Flag (1858-1859) No
0%
Under what flag was Warren G. Harding born under? 36 Star Flag (1865-1867) Yes
0%
Under what flag was Benjamin Harrison born under? 36 Star Flag (1865-1867) No
0%
Under what flag was Chester A. Arthur born under? 36 Star Flag (1865-1867) No
0%
Under what flag was James A. Garfield born under? 36 Star Flag (1865-1867) No
0%
Under what flag was Herbert Hoover born under? 37 Star Flag (1867-1877) Yes
0%
Under what flag was Calvin Coolidge born under? 37 Star Flag (1867-1877) Yes
0%
Under what flag was Warren G. Harding born under? 37 Star Flag (1867-1877) No
0%
Under what flag was Woodrow Wilson born under? 37 Star Flag (1867-1877) No
0%
Under what flag was William McKinley born under? 37 Star Flag (1867-1877) No
0%
Under what flag was Grover Cleveland born under? 37 Star Flag (1867-1877) No
0%
Under what flag was Harry S. Truman born under? 38 Star Flag (1877-1890) Yes
0%
Under what flag was Franklin D. Roosevelt born under? 38 Star Flag (1877-1890) Yes
0%
Under what flag was Calvin Coolidge born under? 38 Star Flag (1877-1890) No
0%
Under what flag was William Howard Taft born under? 38 Star Flag (1877-1890) No
0%
Under what flag was Theodore Roosevelt born under? 38 Star Flag (1877-1890) No
0%
Under what flag was Franklin D. Roosevelt born under? 46 Star Flag (1908-1912) No
0%
Under what flag was James K. Polk born under? Flag of Great Britain (1707-1775) No
0%
Under what flag was John Tyler born under? Flag of Great Britain (1707-1775) No
0%
Under what flag was Martin Van Buren born under? Flag of Great Britain (1707-1775) No
0%
Under what flag was Andrew Johnson born under? Star Spangled Banner, 15 star (1795-1818) Yes
0%
Under what flag was Abraham Lincoln born under? Star Spangled Banner, 15 star (1795-1818) Yes
0%
Under what flag was James Buchanan born under? Star Spangled Banner, 15 star (1795-1818) No
0%
Under what flag was Millard Fillmore born under? Star Spangled Banner, 15 star (1795-1818) Yes
0%
Under what flag was James K. Polk born under? Star Spangled Banner, 15 star (1795-1818) Yes
0%
No matching quizzes found
Score Distribution
Percent of People with Each Score
Percentile by Number Answered
Your Score History
You have not taken this quiz